LEADER 02011nas 2200517 c 450 001 9910892977303321 005 20260218110055.0 035 $a(DE-599)ZDB2757271-7 035 $a(OCoLC)985077911 035 $a(DE-101)1047492202 035 $a(CKB)960238480083 035 $a(DE-599)2757271-7 035 $a(EXLCZ)99960238480083 100 $a20140214b19952008 |y | 101 0 $aeng 135 $aur||||||||||| 181 $ctxt$2rdacontent 182 $cc$2rdamedia 183 $acr$2rdacarrier 200 10$aSborni?k praci? Filozoficke? Fakulty Brne?nske? Univerzity$e= Studia minora Facultatis Philosophicae Universitatis Brunensis$hS$iR?ada anglisticka? 210 31$aBrno$cUniv.$d1995-2008 215 $aOnline-Ressource 300 $aGesehen am 14.02.14 311 08$a1211-1791 517 1 $aStudia minora Facultatis Philosophicae Universitatis Brunensis 517 1 $aSborni?k praci? Filozoficke? Fakulty Brne?nske? Univerzity / S 531 $aSBORNIK PRACI FILOSOFICKE FAKULTY BRNENSKE UNIVERZITY 606 $aEnglisch$3(DE-588)4014777-0$3https://d-nb.info/gnd/4014777-0$3(DE-101)040147770$9rswk-swf$2gnd 606 $aLiteratur$3(DE-588)4035964-5$3https://d-nb.info/gnd/4035964-5$3(DE-101)040359646$9rswk-swf$2gnd 606 $aGeschichte$3(DE-588)4020517-4$3https://d-nb.info/gnd/4020517-4$3(DE-101)040205177$9rswk-swf$2gnd 606 $aZeitschrift$3(DE-588)4067488-5$3https://d-nb.info/gnd/4067488-5$3(DE-101)040674886$9rswk-swf$2gnd 606 $aAnglistik$3(DE-588)4002046-0$3https://d-nb.info/gnd/4002046-0$3(DE-101)040020460$9rswk-swf$2gnd 608 $aZeitschrift$2gnd-content 615 7$aEnglisch. 615 7$aLiteratur. 615 7$aGeschichte. 615 7$aZeitschrift. 615 7$aAnglistik. 676 $a820 801 0$b0355 801 1$bDE-101 801 2$b9001 906 $aJOURNAL 912 $a9910892977303321 996 $aSborník prací Filozofické fakulty brn?nské univerzity$94236804 997 $aUNINA